000 01570nam a2200301Ia 4500
999 _c40849
_d40849
001 7490
003 GE_BSU
005 20231218171812.0
008 181216s2012||||ge |||||||||||||| ||geo||
020 _a9789941041662
040 _cGE_BSU
041 _ageo
080 _a165.4 კ-40
100 _aკენტერბერიელი, ანსელმ
_920773
245 _aჭეშმარიტებისათვის = De Veritate /
_cანსელმ კენტერბერიელი ; ლათ. თარგმნა და კომენტ. დაურთო ნინო ჭავჭავაძემ ; ტექსტის რედ. და შესავ. წერილი გ. თევზაძისა და ა. ურუშაძის.
264 _aთბილისი :
_bუნ-ტის გამ-ბა,
_c2012.
300 _a116 გვ. ;
_c20 სმ.
500 _aპარალელური თავფურცელი ლათინურ ენაზე
500 _aტექსტი ქართულ და ლათინურ ენებზე
541 _h15ლ.
653 _aDe Veritate
653 _aჭეშმარიტება
653 _aჭეშმარიტებისათვის
700 _aჭავჭავაძე, ნინო
_eმთარგმნელი
_912485
700 _aთევზაძე, გ.
_eრედაქტორი
_920774
700 _aურუშაძე, ა.
_eრედაქტორი
_93915
942 _cBK
_2udc